000 00299nam a2200121Ia 4500
008 190216s9999||||xx |||||||||||||| ||und||
100 _aChakrabarthy. D.K
245 0 _aSolid State Chemistry
260 _bNew Age International Publishers
_c2002
300 _a259p
650 _aChemistry
942 _cBK
999 _c3067
_d3067